Islam di simpang jalan

Bibliographic Details
Main Authors: Asad, Muhammad , 1900-1992 (Author), Hashem, M. (Author)
Format: Book
Published: Bandung : Perpustakaan Salman ITB. , 1981
Subjects:

MARC

LEADER 00000cam a2200000 7i4500
001 0000006425
005 20071009093000.0
008 021119s1981
090 0 0 |a BP161.2   |b .A82 
100 0 |a Asad, Muhammad ,   |d 1900-1992 ,   |e author 
240 0 0 |a Islam at the crossroads   |l Bahasa Indonesia 
245 0 0 |a Islam di simpang jalan   |c Muhammad Asad   |f penerjemah, M. Hashem 
260 2 |a Bandung :   |b Perpustakaan Salman ITB. ,   |c 1981 
300 |a 144 ms. ;   |c 18 sm. 
650 0 |a Islam   |y 20th century 
700 0 |a Hashem, M. ,   |e author 
999 |a 1000002994   |b Book   |c OPEN SHELF (30 DAYS)   |e Gong Badak Campus 
999 |a 1000002995   |b Book   |c OPEN SHELF (30 DAYS)   |e Gong Badak Campus 
999 |a 1000003024   |b Book   |c OPEN SHELF (30 DAYS)   |e Gong Badak Campus